Dinámica del mesozooplancton y su regulación ambiental en las bahías Ushuaia y Golondrina (Canal Beagle) /
Guardado en:
| Autor Principal: | |
|---|---|
| Autor Corporativo: | |
| Otros Autores: | |
| Formato: | Manuscrito |
| Idioma: | Spanish |
| Publicado: |
2008.
|
| Materias: | |
| Etiquetas: |
Agregar Etiqueta
Sin Etiquetas, Sea el primero en etiquetar este registro!
|
| LEADER | 01322ntm a22003015a 4500 | ||
|---|---|---|---|
| 001 | EUN.eunm002503 | ||
| 005 | 20130322075748.0 | ||
| 008 | 090505s2008####ag#######bm###000#0#spa#d | ||
| 082 | 0 | 4 | |a 040 |2 15 |
| 100 | 1 | |a Biancalana, Florencia. | |
| 245 | 1 | 0 | |a Dinámica del mesozooplancton y su regulación ambiental en las bahías Ushuaia y Golondrina (Canal Beagle) / |c Florencia Biancalana. |
| 260 | |c 2008. | ||
| 300 | |a xiv, 192 h, [44] : |b il. (principalmente col.) ; |c 30 cm. | ||
| 500 | |a "Tesis Doctor en Biología". | ||
| 502 | |a Tesis (doctoral)--Universidad Nacional del Sur. Departamento de Biología, Bioquímica y Farmacia, 2009. | ||
| 504 | |a Incluye referencias bibliográficas al final del texto. | ||
| 530 | |a Disponible también en formato digital. | ||
| 650 | 7 | |a Zoología. |2 unbist | |
| 650 | 7 | |a Plancton. |2 unbist | |
| 650 | 7 | |a Zooplancton |2 mopu | |
| 651 | 7 | |a Ushuaia (Argentina) | |
| 653 | |a Bahía Ushuaia (Argentina) | ||
| 653 | |a Bahías Golondrina (Argentina) | ||
| 653 | |a Canal de Beagle | ||
| 700 | 1 | |a Hoffmeyer, Mónica S. |q (Mónica Susana) | |
| 710 | 2 | |a Universidad Nacional del Sur. |b Departamento de Biología, Bioquímica y Farmacia. | |
| 859 | |a AR-BaUNS |b BIB. CENTRAL - Tesis |h 040 |i B148 2009-911 |k R |p 120639/009 | ||
| 859 | |a AR-BaUNS |b BIB. CENTRAL - Sector A - Tesis |h 040 |i B148 2009-911 |p 120640/009 | ||
